000 00267nam a22001097a 4500
008 170111b xxu||||| |||| 00| 0 eng d
020 _a9780838537435
041 _aeng
080 _22ND
_a618.2
245 _aHIGH ACUTY NURSING
_cKIDD, P.S & WAGNER, K.D
942 _2udc
_cBK
999 _c2702
_d2702